000 00705nam a2200217Ii 4500
001 10997
003 CO-ViMGA
008 241108s9999||||xx |||||||||||||| ||und||
020 _a9586640213
040 _aCO-ViMGA
_bspa
_erda
_cCO-ViMGA
041 0 _aunk
082 0 4 _a732.2 F178
100 1 _aAna María Falchetti
_953466
245 1 0 _aEl Oro del Gran Zenú:
_bMetalurgia Prehispánico en las Llanuras del Caribe Colombiano
264 1 _a[Lugar de publicación no identificado] : Banco de la República, 1995
300 _avolumen
336 _atext
_btxt
_2rdacontent
337 _aunmediated
_bn
_2rdamedia
338 _avolume
_bnc
_2rdacarrier
940 _aidficha_siabuc: 10739. -- ficha_no_siabuc:10997
999 _c50105
_d50105